| 000 -LEADER |
| fixed length control field |
00882cem a2200265 a 4500 |
| 020 ## - INTERNATIONAL STANDARD BOOK NUMBER |
| ISBN |
9780821376034 |
| 020 ## - INTERNATIONAL STANDARD BOOK NUMBER |
| ISBN |
0821376039 |
| 040 ## - CATALOGING SOURCE |
| Transcribing agency |
DLC |
| 082 00 - DEWEY DECIMAL CLASSIFICATION NUMBER |
| Classification number |
338 WOR 2009 A072 Or. |
| 110 2# - MAIN ENTRY--CORPORATE NAME |
| Corporate name or jurisdiction name as entry element |
World Bank. |
| 245 10 - TITLE STATEMENT |
| Title |
Atlas of global development / |
| 246 1# - VARYING FORM OF TITLE |
| Title proper/short title |
Visual guide to the world's greatest challenges |
| 250 ## - EDITION STATEMENT |
| Edition statement |
2nd ed. |
| 260 ## - PUBLICATION, DISTRIBUTION, ETC. (IMPRINT) |
| Place of publication |
Glasgow : |
| Name of publisher |
Collins ; |
| Place of publication |
Washington, D.C. : |
| Name of publisher |
World Bank, |
| Year of publication |
c2009. |
| 300 ## - PHYSICAL DESCRIPTION |
| Number of Pages |
1 atlas (144 p.) : |
| Other physical details |
col. ill., col. maps ; |
| Dimensions |
25 cm. |
| 500 ## - GENERAL NOTE |
| General note |
"© ... International Bank for Reconstruction and Development/The World Bank; design © HarperCollins Publishers"--T.p. verso. |
| 650 #0 - SUBJECT ADDED ENTRY--TOPICAL TERM |
| Topical Term |
Economic indicators |
| 650 #0 - SUBJECT ADDED ENTRY--TOPICAL TERM |
| Topical Term |
Economic development |
| 650 #0 - SUBJECT ADDED ENTRY--TOPICAL TERM |
| Topical Term |
Globalization |
| 650 #0 - SUBJECT ADDED ENTRY--TOPICAL TERM |
| Topical Term |
Population |
| 650 #0 - SUBJECT ADDED ENTRY--TOPICAL TERM |
| Topical Term |
Social indicators |
| 650 #0 - SUBJECT ADDED ENTRY--TOPICAL TERM |
| Topical Term |
Environmental indicators |
| 710 2# - ADDED ENTRY--CORPORATE NAME |
| Corporate name or jurisdiction name as entry element |
HarperCollins (Firm) |
| 942 ## - ADDED ENTRY ELEMENTS (KOHA) |
| Koha item type |
សៀវភៅភាសាអង់គ្លេស |
| 952 ## - LOCATION AND ITEM INFORMATION (KOHA) |
| Withdrawn status [LOCAL, KOHA] |
0 |